[Event "2010 US Am West"]
[Site "Personal"]
[Date "2010.05.29"]
[Round "1.17"]
[White "Li, Ethen"]
[Black "Lafornara, Joe"]
[Result "0-1"]
[WhiteElo "1549"]
[BlackElo "1851"]
[PlyCount "108"]
[SourceDate "2010.05.29"]

1. e4 e6 2. d4 d5 3. Nd2 dxe4 4. Nxe4 Bd7 5. Nf3 Bc6 6. Ng3 Nd7 7. Bf4 Bd6 8.
Bxd6 cxd6 9. c3 Ngf6 10. Bd3 O-O 11. O-O Re8 12. Re1 Qc7 13. Qc2 Rad8 14. Ng5
Nf8 15. N3e4 Nxe4 16. Nxe4 Bxe4 17. Rxe4 f5 18. Re3 Qf7 19. a3 Nd7 20. Rae1 Nf6
21. Bc4 d5 22. Bb5 Re7 23. Qe2 a6 24. Bd3 Ne4 25. Bxe4 fxe4 26. f3 exf3 27.
Rxf3 Qg6 28. Qf2 Rf7 29. Rxf7 Qxf7 30. Qxf7+ Kxf7 31. Rf1+ Ke7 32. Rf3 Rd7 33.
Kf2 Kd6 34. Ke3 a5 35. a4 Rc7 36. Kd3 Ke7 37. Rf2 b6 38. Rc2 Kd6 39. b3 e5 40.
dxe5+ Kxe5 41. b4 Rc4 42. Rb2 g5 43. bxa5 bxa5 44. Ra2 h5 45. Ra3 Rh4 46. h3
Rc4 47. Ke3 Kf5 48. Ra2 g4 49. Rd2 gxh3 50. gxh3 Rxc3+ 51. Kf2 Rxh3 52. Kg2 Re3
53. Kf2 d4 54. Kf1 h4 0-1

[Event "2010 US Am West"]
[Site "Personal"]
[Date "2010.05.29"]
[Round "?"]
[White "Meador, Marshal"]
[Black "Wright, John"]
[Result "1/2-1/2"]
[WhiteElo "1520"]
[BlackElo "1810"]
[Annotator "Farmer,Steve"]
[PlyCount "44"]
[SourceDate "2010.05.29"]

1. e4 c6 2. d4 d5 3. e5 c5 4. c3 Nc6 5. Bb5 cxd4 6. cxd4 Qb6 7. Nc3 e6 8. Be3
a6 9. Bxc6+ bxc6 10. Rb1 a5 11. Nge2 Ne7 12. O-O Nf5 13. Na4 Qc7 14. Rc1 Ba6
15. Re1 Rb8 16. Qc2 Bb5 17. Nec3 Qb7 18. Nxb5 cxb5 19. Nc5 Qc7 20. Qd3 Be7 21.
a4 O-O 22. axb5 Rfd8 {Score incomplete - a Draw was agreed at move 45.} 1/2-1/2

[Event "2010 US Am West"]
[Site "Personal"]
[Date "2010.05.29"]
[Round "1.13"]
[White "Green, Tom"]
[Black "Lopez, David"]
[Result "1-0"]
[WhiteElo "1865"]
[BlackElo "1600"]
[PlyCount "139"]
[SourceDate "2010.05.29"]

1. e4 c5 2. Nf3 d6 3. d4 cxd4 4. Nxd4 Nf6 5. Nc3 a6 6. Bg5 e6 7. f4 Be7 8. Qf3
Qc7 9. O-O-O Nc6 10. Nxc6 Qxc6 11. Bd3 e5 12. Bxf6 Bxf6 13. Nd5 Bd8 14. Rhf1
Be6 15. Kb1 Bxd5 16. exd5 Qc7 17. Rd2 O-O 18. Qh3 g6 19. f5 Bf6 20. Rdf2 Qe7
21. Qh6 Rfe8 22. Be4 Bg7 23. Qxg7+ Kxg7 24. f6+ Kg8 25. fxe7 Rxe7 26. Rf6 Rd7
27. g4 Re8 28. g5 Kg7 29. c4 Rc8 30. b3 Rc5 31. h4 a5 32. a4 Rcc7 33. Bf3 h5
34. Bg2 Rd8 35. Kc2 Re7 36. Be4 Rc7 37. Kc3 b6 38. Rb1 Rdd7 39. b4 axb4+ 40.
Rxb4 Rb7 41. Rb5 Kg8 42. Kb4 Kg7 43. a5 bxa5+ 44. Kxa5 Ra7+ 45. Kb4 Ra6 46. Ra5
Rb6+ 47. Ka4 Rb2 48. Ka3 Rdb7 49. Rb5 R2xb5 50. cxb5 Rxb5 51. Rxd6 Rc5 52. Rc6
Ra5+ 53. Kb4 Ra2 54. Rc4 Rd2 55. Kc5 f5 56. gxf6+ Kxf6 57. Ra4 Re2 58. Ra6+ Kg7
59. Bxg6 e4 60. Bxh5 Rh2 61. Rg6+ Kf8 62. Rg4 e3 63. Re4 Rc2+ 64. Kd6 Rc3 65.
Ke6 Ra3 66. d6 Rb3 67. Rf4+ Kg7 68. Ke7 Rb5 69. Re4 Rxh5 70. d7 1-0

[Event "2010 US Am West"]
[Site "Personal"]
[Date "2010.05.29"]
[Round "1.14"]
[White "Katzel, Dan"]
[Black "Day, Ted"]
[Result "1/2-1/2"]
[WhiteElo "1762"]
[BlackElo "1445"]
[PlyCount "40"]
[SourceDate "2010.05.29"]

1. d4 Nf6 2. c4 g6 3. Nc3 Bg7 4. e4 O-O 5. e5 Ne8 6. Nf3 d6 7. Bf4 Bg4 8. Be2
Nd7 9. exd6 Nxd6 10. O-O Bxf3 11. Bxf3 Nxc4 12. b3 e5 13. bxc4 exf4 14. Bxb7
Rb8 15. Rb1 c5 16. Nd5 Bxd4 17. Nxf4 Ne5 18. Bd5 Qc7 19. Rxb8 Rxb8 20. Nd3 Kg7
1/2-1/2

[Event "2010 US Am West"]
[Site "Personal"]
[Date "2010.05.29"]
[Round "1.2"]
[White "Reed, Michael"]
[Black "Kruml, Joe"]
[Result "0-1"]
[WhiteElo "1699"]
[BlackElo "2170"]
[PlyCount "56"]
[SourceDate "2010.05.29"]

1. d4 Nf6 2. c4 c5 3. d5 e5 4. Nc3 d6 5. e4 Be7 6. f3 h5 7. Be3 Nbd7 8. Nh3 Nf8
9. Nf2 h4 10. Be2 Ng6 11. Qd2 a6 12. Rb1 Nh7 13. b4 b6 14. bxc5 bxc5 15. Na4
Nf4 16. Bxf4 exf4 17. Nd3 h3 18. Bd1 hxg2 19. Qxg2 Bh4+ 20. Ke2 Ng5 21. Nxf4
Qf6 22. Nb6 Qxf4 23. Nxa8 Nxf3 24. Kd3 Ne5+ 25. Kc2 Nxc4 26. Qf3 Qd2+ 27. Kb3
Qb4+ 28. Kc2 Na3+ 0-1

[Event "2010 US Am West"]
[Site "Personal"]
[Date "2010.05.29"]
[Round "1.19"]
[White "Kestler, Ed"]
[Black "Wong, Kinsleigh"]
[Result "0-1"]
[WhiteElo "1542"]
[BlackElo "1833"]
[PlyCount "49"]
[SourceDate "2010.05.29"]

1. e4 e5 2. Nf3 d6 3. d4 exd4 4. Nxd4 Nf6 5. Nc3 Be7 6. Be2 O-O 7. O-O Nbd7 8.
Be3 Nc5 9. f3 c6 10. Qd2 Re8 11. Rad1 Qc7 12. b4 Na6 13. b5 Nc5 14. Bc4 Bf8 15.
Rfe1 Bd7 16. g4 Rad8 17. Bf4 Qc8 18. h3 Ne6 19. Bg3 Nxd4 20. Qxd4 d5 21. Bf1
cxb5 22. Kh1 dxe4 23. Nxe4 Nxe4 24. fxe4 Bxg4 25. Qf2 0-1

[Event "2010 US Am West"]
[Site "Personal"]
[Date "2010.05.29"]
[Round "1.3"]
[White "Eng, Randel"]
[Black "Chadwick, Scott"]
[Result "1-0"]
[WhiteElo "2089"]
[BlackElo "1694"]
[PlyCount "67"]
[SourceDate "2010.05.29"]

1. e4 d5 2. exd5 Qxd5 3. Nc3 Qa5 4. d4 Nf6 5. Bc4 c6 6. Nf3 Bf5 7. O-O e6 8.
Re1 Bb4 9. Bd2 O-O 10. a3 Bxc3 11. Bxc3 Qc7 12. Nh4 Be4 13. Re3 Nbd7 14. Qe2
Bf5 15. Nxf5 exf5 16. Bd3 Ng4 17. Rg3 Rfe8 18. Qf3 g6 19. Bxf5 Nh6 20. Bd3 Re6
21. Bd2 Rf6 22. Qe3 Nf5 23. Bxf5 Rxf5 24. Qe7 Qd8 25. Re1 Nf6 26. Qxd8+ Rxd8
27. c3 Re8 28. Rxe8+ Nxe8 29. Re3 Nd6 30. Re7 Kf8 31. Rd7 Rf6 32. Bg5 Re6 33.
Kf1 Kg7 34. Bf4 1-0

[Event "2010 US Am West"]
[Site "Personal"]
[Date "2010.05.29"]
[Round "1.7"]
[White "Orlowski, Jesse"]
[Black "Chen, Derek"]
[Result "1-0"]
[WhiteElo "1994"]
[BlackElo "1671"]
[Annotator "Farmer,Steve"]
[PlyCount "30"]
[SourceDate "2010.05.29"]

1. e4 c6 2. d4 d5 3. exd5 cxd5 4. c4 Nc6 5. Nf3 Bg4 6. Nc3 Bxf3 7. gxf3 e5 $146
8. dxe5 d4 9. Nd5 Nxe5 10. Qe2 f6 11. f4 d3 12. Qe4 Bb4+ 13. Nxb4 Qe7 14. fxe5
Qxb4+ 15. Kd1 O-O-O {The game lasted until mate at move 58, White won.} 1-0

[Event "2010 US Am West"]
[Site "Personal"]
[Date "2010.05.29"]
[Round "1.18"]
[White "Thompson, Buddy"]
[Black "McGahee, Ben"]
[Result "1/2-1/2"]
[WhiteElo "1840"]
[BlackElo "1545"]
[PlyCount "78"]
[SourceDate "2010.05.29"]

1. d4 d5 2. c4 e6 3. Nc3 Nf6 4. cxd5 Nxd5 5. e4 Nxc3 6. bxc3 Be7 7. Nf3 c5 8.
Bd3 Nc6 9. O-O O-O 10. d5 exd5 11. exd5 Na5 12. c4 Bg4 13. Bf4 Bf6 14. Rc1 Re8
15. Bb1 b6 16. Qd3 g6 17. h3 Bf5 18. Qd2 Bxb1 19. Rxb1 Nxc4 20. Qd3 Ne5 21.
Bxe5 Bxe5 22. Rfe1 Qf6 23. Re4 Bd6 24. Rbe1 Rxe4 25. Qxe4 b5 26. Qb1 b4 27. Re4
Rb8 28. Qe1 Kg7 29. Nd2 Qc3 30. Nc4 Qxe1+ 31. Rxe1 Rd8 32. f3 Kf6 33. Kf2 Bc7
34. Rd1 Bd6 35. Rd3 Ke7 36. Re3+ Kd7 37. Ke2 Bf4 38. Re4 Re8 39. Kd3 Bc7
1/2-1/2

[Event "2010 US Am West"]
[Site "Personal"]
[Date "2010.05.29"]
[Round "1.16"]
[White "Arnold, Justin"]
[Black "Crenshaw, Russ"]
[Result "1-0"]
[WhiteElo "1856"]
[BlackElo "1574"]
[Annotator "Farmer,Steve"]
[PlyCount "33"]
[SourceDate "2010.05.29"]

1. e4 d6 2. d4 Nf6 3. Nc3 g6 4. Be3 Bg7 5. f3 O-O 6. Qd2 c5 7. O-O-O b5 8. g4
Qa5 9. Kb1 b4 10. Nce2 Be6 11. Nc1 c4 12. d5 Bd7 13. h4 h5 14. gxh5 Nxh5 15.
Bh6 Bb5 16. Bxg7 Kxg7 17. Rh3 {
Score incomplete at this point - White went on to win.} 1-0

[Event "2010 US Am West"]
[Site "Personal"]
[Date "2010.05.29"]
[Round "1.4"]
[White "Collins, Ed"]
[Black "Lebovitz, Andy"]
[Result "0-1"]
[WhiteElo "1690"]
[BlackElo "2061"]
[PlyCount "110"]
[SourceDate "2010.05.29"]

1. d4 Nf6 2. Nf3 g6 3. c4 Bg7 4. e3 O-O 5. Nc3 c5 6. Be2 cxd4 7. exd4 d5 8. O-O
dxc4 9. Bxc4 Nc6 10. h3 b6 11. Be3 Bb7 12. Rc1 Rc8 13. b3 Nb4 14. Qe2 Nbd5 15.
Rfd1 Nxc3 16. Rxc3 b5 17. Bxf7+ Rxf7 18. Rxc8 Qxc8 19. Ne5 Rf8 20. Qxb5 Qa8 21.
f3 Nd5 22. Re1 Rd8 23. Bf2 Nf4 24. Kh2 Bd5 25. Qb4 Bf6 26. Qd2 Ne6 27. Ng4 Bg5
28. Be3 Bh4 29. Rf1 Qb8+ 30. Ne5 Bf6 31. f4 Qb7 32. g4 Ng7 33. Qf2 e6 34. g5
Be7 35. Ng4 Nf5 36. h4 Rc8 37. Ne5 Be4 38. Nc4 Qd5 39. Rc1 Rc6 40. h5 Bd6 41.
h6 Bd3 42. Nxd6 Rxc1 43. Bxc1 Qxd6 44. Qf3 Qxd4 45. Qa8+ Kf7 46. Qb7+ Ne7 47.
Ba3 Qxf4+ 48. Kg1 Qg3+ 49. Qg2 Qxg2+ 50. Kxg2 Bb1 51. Bc5 Bxa2 52. Bxa7 Bxb3
53. Kf3 e5 54. Ke4 Ke6 55. Bf2 Bd5+ 0-1

[Event "2010 US Am West"]
[Site "Personal"]
[Date "2010.05.29"]
[Round "1.6"]
[White "Shevelev, Michael"]
[Black "Thakur, Ashu"]
[Result "0-1"]
[WhiteElo "1667"]
[BlackElo "1997"]
[Annotator "Farmer,Steve"]
[PlyCount "69"]
[SourceDate "2010.05.29"]

1. e4 e6 2. d4 d5 3. e5 c5 4. Nf3 Qb6 5. Bd3 Bd7 6. a3 cxd4 7. O-O Nc6 8. b4 a6
9. Bf4 h6 10. Nbd2 g5 11. Bg3 Be7 12. h3 h5 13. Nb3 O-O-O 14. Be2 f5 15. Nfxd4
h4 16. Bh2 Nh6 17. Nxc6 Bxc6 18. Qd4 Qxd4 19. Nxd4 Bd7 20. f3 b5 21. c3 Kb7 22.
Nb3 Rc8 23. Rac1 Rc7 24. Nd2 Rhc8 25. Nb1 Be8 26. Rfe1 d4 27. Kf1 dxc3 28. Bd3
c2 29. Nd2 Rc3 30. Ke2 a5 31. Bg1 axb4 32. axb4 Bxb4 33. Bd4 R3c7 34. Bb2 Rd8
35. Nb3 {
The score is illegible at this point, however, Black went on to win at move 69.
} 0-1

[Event "2010 US Am West"]
[Site "Personal"]
[Date "2010.05.29"]
[Round "1.10"]
[White "Hernandez, Jason"]
[Black "Douthat, John"]
[Result "1/2-1/2"]
[WhiteElo "1632"]
[BlackElo "1970"]
[PlyCount "76"]
[SourceDate "2010.05.29"]

1. e4 c5 2. Nf3 d6 3. d4 cxd4 4. Nxd4 Nf6 5. Nc3 Nc6 6. Be3 e6 7. Be2 Be7 8.
Qd2 a6 9. f3 Qc7 10. g4 Nd7 11. h4 b5 12. f4 Bb7 13. Bf3 Nb6 14. Nxc6 Bxc6 15.
Bxb6 Qxb6 16. O-O-O Rc8 17. g5 a5 18. Qd4 Qxd4 19. Rxd4 h6 20. Rdd1 Kd8 21. Ne2
Kc7 22. Nd4 e5 23. Nf5 Bf8 24. fxe5 dxe5 25. Rdg1 g6 26. Ne3 Bc5 27. Kd2 Rcd8+
28. Ke2 b4 29. Rd1 Rxd1 30. Nxd1 hxg5 31. hxg5 Rxh1 32. Bxh1 Be7 33. c3 Bxg5
34. c4 Bd7 35. Nf2 f5 36. Nd3 Bf6 37. b3 f4 38. Bf3 Kd6 1/2-1/2

[Event "2010 US Am West"]
[Site "Personal"]
[Date "2010.05.29"]
[Round "1.23"]
[White "Wang, David"]
[Black "Boteo, Trujillo"]
[Result "0-1"]
[WhiteElo "1476"]
[BlackElo "1765"]
[Annotator "Farmer,Steve"]
[PlyCount "27"]
[SourceDate "2010.05.29"]

1. d4 d5 2. c4 e6 3. Nc3 Nf6 4. Bg5 Be7 5. f3 h6 6. Bf4 Nh5 7. Qd2 Nxf4 8. Qxf4
O-O 9. Qd2 Bf6 10. O-O-O b5 11. cxb5 a6 12. b6 cxb6 13. Kb1 Nc6 14. g4 {
Score incomplete -  Black went on to win} 0-1

[Event "2010 US Am West"]
[Site "Personal"]
[Date "2010.05.29"]
[Round "1.1"]
[White "Hu, Bryan"]
[Black "Booher, Jonathan"]
[Result "1-0"]
[WhiteElo "2180"]
[BlackElo "1730"]
[PlyCount "73"]
[SourceDate "2010.05.29"]

1. d4 Nf6 2. c4 g6 3. Nc3 Bg7 4. e4 d6 5. Be2 O-O 6. Nf3 e5 7. d5 Na6 8. Bg5 h6
9. Bh4 g5 10. Bg3 Nxe4 11. Nxe4 f5 12. Nc3 f4 13. Bd3 Bf5 14. Bxf5 Rxf5 15. Ne4
Nc5 16. Qe2 Nxe4 17. Qxe4 Rf6 18. Nd2 Qe8 19. f3 fxg3 20. hxg3 Qg6 21. g4 Kh7
22. Qxg6+ Kxg6 23. Ne4 Rff8 24. Kd2 Rad8 25. Ke3 b6 26. b4 Rd7 27. Rac1 Ra8 28.
Rc3 Rc8 29. Ra3 c6 30. Rc3 cxd5 31. cxd5 Rxc3+ 32. Nxc3 a6 33. Ne4 Rc7 34. Nxd6
Rd7 35. Nf5 Kh7 36. d6 Kg6 37. Ke4 1-0

[Event "2010 US Amateur West"]
[Site "?"]
[Date "2010.05.29"]
[Round "2.21"]
[White "Wang, Xiexin"]
[Black "Shevelev, Michael"]
[Result "1-0"]
[WhiteElo "1532"]
[BlackElo "1687"]
[Annotator "Farmer,Steve"]
[PlyCount "50"]
[EventDate "2010.05.30"]
[SourceDate "2010.05.29"]

1. e4 c5 2. c3 e6 3. d4 d5 4. exd5 exd5 5. Nf3 Nf6 6. Bd3 Be7 7. O-O O-O 8.
Nbd2 c4 9. Bc2 Nc6 10. Re1 b5 11. a3 a5 12. Nf1 Bd7 13. Bf4 Re8 14. Ne3 h6 15.
Bb1 b4 16. Qc2 b3 17. Qd2 Be6 18. Bf5 Bd6 19. Bg3 Bxg3 20. hxg3 Bxf5 21. Nxf5
Qd7 22. Ne3 Ng4 23. Nf1 Rxe1 24. Rxe1 Re8 25. Rxe8+ Qxe8 {
Score incomplete - White went on to win.} 1-0

[Event "2010 US Amateur West"]
[Site "?"]
[Date "2010.05.29"]
[Round "2.10"]
[White "McGahee, Ben"]
[Black "Motta, Paul"]
[Result "0-1"]
[WhiteElo "1545"]
[BlackElo "1909"]
[PlyCount "65"]
[EventDate "2010.05.30"]
[SourceDate "2010.05.29"]

1. e4 e5 2. Nf3 d5 3. exd5 Bd6 4. Nc3 Nf6 5. Bc4 Nbd7 6. O-O O-O 7. Re1 Nb6 8.
Be2 Nbxd5 9. Nxd5 Nxd5 10. Bc4 Nb6 11. Nxe5 Bxe5 12. Rxe5 Nxc4 13. Re1 Qf6 14.
c3 Bf5 15. d3 Rad8 16. d4 Qg6 17. Qf3 c6 18. b3 Nd6 19. Ba3 Rd7 20. Re5 Be6 21.
Rae1 h6 22. c4 Rfd8 23. d5 cxd5 24. cxd5 Bg4 25. Qf4 Nb5 26. Bb2 Rxd5 27. f3
Be6 28. Rxd5 Rxd5 29. Qb8+ Kh7 30. Qxb7 Rd2 31. g3 Rxb2 32. Qxb5 Qc2 33. Qa6
0-1

[Event "2010 US Amateur West"]
[Site "?"]
[Date "2010.05.29"]
[Round "1.3"]
[White "Nguyen, Vincent"]
[Black "Eng, Randel"]
[Result "1/2-1/2"]
[WhiteElo "1863"]
[BlackElo "2089"]
[Annotator "Farmer,Steve"]
[PlyCount "60"]
[EventDate "2010.05.30"]
[SourceDate "2010.05.29"]

1. Nf3 d5 2. b3 c5 3. Bb2 Nc6 4. e3 Bg4 5. h3 Bh5 6. Bb5 e6 7. d4 cxd4 8. Bxc6+
bxc6 9. exd4 Nf6 10. O-O Bd6 11. Qd3 Bg6 12. Qe2 O-O 13. c4 Rc8 14. c5 Bb8 15.
b4 Bh5 16. Nbd2 Qc7 17. Qe5 Qb7 18. Qe3 Qxb4 19. Bc3 Qb7 20. Rab1 Qc7 21. Ne5
Bg6 22. Rb2 Ne4 23. Nxe4 Bxe4 24. f3 Bg6 25. f4 Be4 26. a4 f6 27. Nd3 g5 28. a5
a6 29. Bd2 gxf4 30. Nxf4 Qg7 {
The score is inaccurate at this point. A draw was agreed at move 43.} 1/2-1/2

[Event "2010 US Amateur West"]
[Site "?"]
[Date "2010.05.29"]
[Round "2.1"]
[White "Fenger, Peter"]
[Black "Hu, Bryan"]
[Result "0-1"]
[WhiteElo "1891"]
[BlackElo "2180"]
[Annotator "Farmer,Steve"]
[PlyCount "68"]
[EventDate "2010.05.30"]
[SourceDate "2010.05.29"]

1. d4 Nf6 2. c4 e6 3. Nc3 Bb4 4. e3 O-O 5. Nge2 c5 6. a3 Bxc3+ 7. Nxc3 d6 8.
Bd3 Qe7 9. O-O e5 10. dxc5 dxc5 11. e4 Be6 12. Nd5 Bxd5 13. exd5 Nbd7 14. Bg5
h6 15. Bd2 Qd6 16. Re1 Rae8 17. Qc2 e4 18. Be2 Ne5 19. h3 Ng6 20. b4 b6 21.
bxc5 bxc5 22. Qa4 Nh4 23. Qxa7 e3 24. Bxe3 Rxe3 25. Bf1 Rb3 26. Qe7 Nf5 27.
Qxd6 Nxd6 28. Re7 Rb7 29. Rxb7 Nxb7 30. Rb1 Rb8 31. a4 Nd7 32. Be2 Nd6 33. Ra1
Ra8 34. a5 f5 0-1

[Event "2010 US Amateur West"]
[Site "?"]
[Date "2010.05.29"]
[Round "2.7"]
[White "Wong, Kinsleigh"]
[Black "Orlowski, Jesse"]
[Result "0-1"]
[WhiteElo "1833"]
[BlackElo "1994"]
[Annotator "Farmer,Steve"]
[PlyCount "78"]
[EventDate "2010.05.30"]
[SourceDate "2010.05.29"]

1. e4 c6 2. d4 d5 3. exd5 cxd5 4. Bf4 Nc6 5. c3 Bf5 6. Nf3 Nf6 7. Bd3 Bg6 8.
O-O e6 9. Ne5 Bd6 10. Re1 Qc7 11. Na3 a6 12. Qc2 O-O 13. Nxg6 hxg6 14. Bxd6
Qxd6 15. Re3 Rac8 16. Qe2 Ne7 17. Re1 Qb6 18. Rh3 Rfe8 19. f3 Nh5 20. Qd2 Nc6
21. g4 Nf6 22. Qg5 Qxb2 23. Qh4 Kf8 24. Qh8+ Ke7 25. Qxg7 Rg8 26. Qh6 Rh8 27.
Rxe6+ Kxe6 28. Qe3+ Kd7 29. Rxh8 Rxh8 30. Qf4 Qxa3 31. Qxf6 Qc1+ 32. Bf1 Qe3+
33. Kh1 Rh7 34. h3 Qf2 35. Bg2 Qe1+ 36. Kh2 Qe7 37. Qf4 Qd6 38. Kg3 Qxf4+ 39.
Kxf4 f6 {Score inaccurate, Black went on to win in another 11 moves.} 0-1

[Event "2010 US Amateur West"]
[Site "?"]
[Date "2010.05.29"]
[Round "2.19"]
[White "Crenshaw, Russ"]
[Black "Collings, Ed"]
[Result "1-0"]
[WhiteElo "1574"]
[BlackElo "1690"]
[Annotator "Farmer,Steve"]
[PlyCount "78"]
[EventDate "2010.05.30"]
[SourceDate "2010.05.29"]

1. Nf3 d5 2. g3 Nf6 3. d3 c6 4. Bg2 Bg4 5. h3 Bf5 6. O-O Nbd7 7. c4 e6 8. cxd5
exd5 9. Bf4 Bc5 10. Qb3 Qb6 11. Qxb6 axb6 12. Nc3 Nh5 13. Be3 Bxe3 14. fxe3
Nxg3 15. Rfe1 Nf6 16. Nd2 O-O 17. Kf2 Ngh5 18. e4 Be6 19. exd5 Nxd5 20. Nxd5
cxd5 21. d4 Nf4 22. Rh1 Rfc8 23. Nb1 Rc2 24. Nc3 Rc8 25. Kf3 Nxg2 26. Kxg2 Rxb2
27. Rhc1 Rc4 28. Kg3 Rxd4 29. e3 Rc4 30. a4 Rb3 31. Nxd5 Bxd5 32. Rxc4 Bxc4 33.
Kf4 Kf8 34. h4 Ke7 35. a5 Rb4 36. axb6 Bd3+ 37. Kg3 Rxb6 38. Rc1 Kd7 39. Rd1
Rd6 {Score inaccurate - Black went on to win an a few more moves.} 1-0

[Event "2010 US Amateur West"]
[Site "?"]
[Date "2010.05.29"]
[Round "2.23"]
[White "Kurfman, David"]
[Black "Wang, David"]
[Result "0-1"]
[WhiteElo "1532"]
[BlackElo "1476"]
[PlyCount "66"]
[EventDate "2010.05.30"]
[SourceDate "2010.05.29"]

1. e4 c5 2. c3 d5 3. exd5 Qxd5 4. Nf3 Bg4 5. Be2 Nc6 6. h3 Bh5 7. d4 O-O-O 8.
Be3 Nf6 9. c4 Qd7 10. d5 Bxf3 11. Bxf3 Ne5 12. Nd2 e6 13. Qb3 exd5 14. O-O-O d4
15. Bg5 Be7 16. Rhe1 Nxf3 17. Nxf3 Qc7 18. Ne5 Rhf8 19. Qa3 Kb8 20. g3 h6 21.
Bf4 Bd6 22. Re2 g5 23. Bxg5 hxg5 24. Nf3 g4 25. hxg4 Nxg4 26. Rde1 Qc6 27. Ng5
Rde8 28. Ne4 f5 29. Nxd6 Rxe2 30. Nb5 Rxe1+ 31. Kd2 a6 32. Nxd4 Rd8 33. f3 Qe6
0-1

[Event "2010 US Amateur West"]
[Site "?"]
[Date "2010.05.29"]
[Round "2.9"]
[White "Boteo, Carlos"]
[Black "Peavy, Fletcher"]
[Result "0-1"]
[WhiteElo "1765"]
[BlackElo "1971"]
[PlyCount "88"]
[EventDate "2010.05.30"]
[SourceDate "2010.05.29"]

1. d4 Nf6 2. Bg5 Ne4 3. Bf4 d5 4. f3 Nf6 5. e3 Bf5 6. Bd3 Bg6 7. Ne2 e6 8. c3
Nbd7 9. g4 c5 10. Bxg6 hxg6 11. Qa4 Qb6 12. Nd2 Bd6 13. Be5 g5 14. dxc5 Bxc5
15. Bd4 O-O-O 16. Nb3 Bxd4 17. exd4 Rh3 18. Ng1 Rh4 19. O-O-O Kb8 20. Qa3 Re8
21. h3 Qc7 22. Ne2 Nb6 23. Nc5 Reh8 24. Qb4 Rxh3 25. Rxh3 Rxh3 26. a4 Qc6 27.
a5 Nc8 28. a6 b6 29. Nd3 Nd7 30. f4 Rh2 31. Rd2 Nd6 32. Ne5 Nxe5 33. dxe5 Nc4
34. Nd4 Rh1+ 35. Rd1 Rxd1+ 36. Kxd1 Qc5 37. Qxc5 bxc5 38. Nc6+ Kc7 39. Nxa7
gxf4 40. Nb5+ Kb6 41. a7 Kb7 42. Nd6+ Kxa7 43. Nxc4 dxc4 44. Ke2 g5 0-1

[Event "2010 US Amateur West"]
[Site "?"]
[Date "2010.05.29"]
[Round "2.11"]
[White "Douthat, John"]
[Black "Gengler, Kenneth"]
[Result "1-0"]
[WhiteElo "1970"]
[BlackElo "1325"]
[PlyCount "85"]
[EventDate "2010.05.30"]
[SourceDate "2010.05.29"]

1. Nf3 Nc6 2. g3 b6 3. Bg2 Bb7 4. O-O Nf6 5. d3 g6 6. e4 e5 7. Nc3 Bg7 8. h3
O-O 9. Re1 Re8 10. Be3 Rb8 11. Qd2 d5 12. Bg5 d4 13. Nd5 Qd6 14. Nxf6+ Bxf6 15.
Bxf6 Qxf6 16. Nh2 Bc8 17. Rf1 Be6 18. f4 Qg7 19. f5 gxf5 20. exf5 Bd7 21. Rae1
f6 22. Re4 Kh8 23. Rg4 Qf7 24. Qh6 Rg8 25. Bd5 Qe7 26. Rxg8+ Rxg8 27. Bxg8 Kxg8
28. Ng4 Kf7 29. Qxh7+ Ke8 30. Qg8+ Qf8 31. Nxf6+ Ke7 32. Qxf8+ Kxf8 33. Nxd7+
Ke7 34. f6+ Kf7 35. g4 Nd8 36. Nxe5+ Ke6 37. f7 Nxf7 38. Nxf7 c5 39. g5 Ke7 40.
Nd8 Kxd8 41. g6 b5 42. g7 c4 43. Rf7 1-0

[Event "2010 US Amateur West"]
[Site "?"]
[Date "2010.05.29"]
[Round "2.14"]
[White "Day, Ted"]
[Black "Hernandez, Jason"]
[Result "0-1"]
[WhiteElo "1445"]
[BlackElo "1632"]
[Annotator "Farmer,Steve"]
[PlyCount "25"]
[EventDate "2010.05.30"]
[SourceDate "2010.05.29"]

1. d4 Nf6 2. Nc3 d5 3. Bf4 a6 4. g3 Bf5 5. Bg2 e6 6. Nf3 c5 7. Nh4 cxd4 8. Nxf5
dxc3 9. Nxg7+ Bxg7 10. b3 Nc6 11. Bg5 Qb6 12. O-O O-O-O 13. e3 {
Score inaccurate - Black went on to win in a few more moves.} 0-1

[Event "2010 US Amateur West"]
[Site "?"]
[Date "2010.05.29"]
[Round "2.22"]
[White "Chen, Derek"]
[Black "Kestler, Ed"]
[Result "1-0"]
[WhiteElo "1671"]
[BlackElo "1542"]
[Annotator "Farmer,Steve"]
[PlyCount "40"]
[EventDate "2010.05.30"]
[SourceDate "2010.05.29"]

1. e4 d5 2. exd5 Nf6 3. d4 Bg4 4. Qd3 Qxd5 5. Nc3 Qd7 6. Bf4 a6 7. Qc4 Qc6 8.
Bxc7 Qxc4 9. Bxc4 e6 10. f3 Bf5 11. O-O-O Bb4 12. Nce2 O-O 13. Bd3 Bxd3 14.
Rxd3 Nc6 15. c3 Rac8 16. Bf4 Be7 17. Kb1 Rfd8 18. Nc1 Nd5 19. Bd2 b5 20. Nge2
Na5 {Score incomplete - White went on to win at move 56.} 1-0

[Event "2010 US Amateur West"]
[Site "?"]
[Date "2010.05.29"]
[Round "2.25"]
[White "Tan, Rex"]
[Black "Desmarais, Nicholas"]
[Result "0-1"]
[WhiteElo "1391"]
[BlackElo "1543"]
[PlyCount "41"]
[EventDate "2010.05.30"]
[SourceDate "2010.05.29"]

1. e4 Nf6 2. Nc3 d5 3. exd5 Nxd5 4. d4 Nc6 5. Bc4 e6 6. Nf3 Bb4 7. Bd2 Nxc3 8.
bxc3 Bd6 9. O-O Qe7 10. Re1 Bd7 11. Rb1 O-O-O 12. Qe2 Rde8 13. Ba6 Nd8 14.
Bxb7+ Nxb7 15. Qa6 Kd8 16. Qxb7 h6 17. Qxa7 Bc6 18. Ne5 Bxe5 19. dxe5 Qd7 20.
Rb8+ Ke7 21. Qc5+ 0-1

[Event "2010 US Amateur West"]
[Site "?"]
[Date "2010.05.29"]
[Round "2.29"]
[White "Ward, Matthew"]
[Black "Pennock, Joshua"]
[Result "1-0"]
[WhiteElo "1461"]
[BlackElo "1360"]
[PlyCount "45"]
[EventDate "2010.05.30"]
[SourceDate "2010.05.29"]

1. e4 c5 2. d4 cxd4 3. c3 dxc3 4. Nxc3 e5 5. Nf3 Nc6 6. Bc4 Bc5 7. Qb3 Qe7 8.
Nd5 Qd6 9. Nc7+ Qxc7 10. Bxf7+ Kf8 11. Bxg8 Rxg8 12. Ng5 d5 13. O-O Rh8 14.
Qxd5 Nd4 15. Be3 h6 16. Bxd4 Bxd4 17. Rac1 Qd7 18. Rxc8+ Ke7 19. Qf7+ Kd6 20.
Qg6+ Ke7 21. Qxg7+ Kd6 22. Qf6+ Qe6 23. Qxe6# 1-0

[Event "2010 US Amateur West"]
[Site "?"]
[Date "2010.05.29"]
[Round "2.44"]
[White "Wang, Bowen"]
[Black "Kline, George"]
[Result "0-1"]
[WhiteElo "1360"]
[BlackElo "1245"]
[Annotator "Farmer,Steve"]
[PlyCount "59"]
[EventDate "2010.05.30"]
[SourceDate "2010.05.29"]

1. e4 c5 2. Nf3 g6 3. d3 Bg7 4. Be3 d6 5. Qd2 Nc6 6. Nc3 a6 7. a4 Bg4 8. Be2
Bxf3 9. Bxf3 Nf6 10. h3 Ne5 11. Be2 e6 12. d4 cxd4 13. Bxd4 Nc6 14. Be3 O-O 15.
Bh6 Qb6 16. b3 Qb4 17. Bxg7 Kxg7 18. Bf3 Nd4 19. h4 Rac8 20. Ne2 Nxc2+ 21. Kd1
Qxd2+ 22. Kxd2 Nxa1 23. Rxa1 Rc7 24. Ra2 Rd8 25. g4 e5 26. g5 Ng8 27. Ng3 f6
28. Ra1 fxg5 29. hxg5 Rf7 30. Ke3 {
Score inaccurate - Black went on to win in several more moves.} 0-1